[Event "Russian SuperFinal 2011"]
[Site "Moscow RUS"]
[Date "2011.08.13"]
[Round "5"]
[White "Galkin, A."]
[Black "Karjakin, Sergey"]
[Result "1/2-1/2"]
[WhiteElo "2598"]
[BlackElo "2788"]
[PlyCount "82"]
[EventDate "2011.08.08"]

1. e4 e5 2. Nf3 Nc6 3. Nc3 Nf6 4. d4 exd4 5. Nxd4 Bb4 6. Nxc6 bxc6 7. Bd3 d5 8.
exd5 cxd5 9. O-O O-O 10. Bg5 c6 11. Qf3 Be7 12. h3 h6 13. Bf4 Nd7 14. Na4 Nb6
15. Nxb6 axb6 16. a3 Ba6 17. Bxa6 Rxa6 18. Rfe1 Re8 19. Qg3 Kh8 20. Qe3 Ra8 21.
Bxh6 Bf6 22. Qxe8+ Qxe8 23. Rxe8+ Rxe8 24. Be3 Bxb2 25. Rb1 Bxa3 26. Rxb6 Re6
27. Rb7 Kg8 28. Rc7 Bb2 29. Rc8+ Kh7 30. g4 d4 31. Bf4 Ba3 32. Rc7 Kg8 33. Rc8+
Kh7 34. Rc7 Be7 35. Kg2 c5 36. h4 Re4 37. Kg3 f6 38. Rd7 Kg8 39. Kf3 Re6 40. h5
Kf8 41. c3 dxc3 1/2-1/2

[Event "Russian SuperFinal 2011"]
[Site "Moscow RUS"]
[Date "2011.08.13"]
[Round "5"]
[White "Timofeev, Arty"]
[Black "Svidler, P."]
[Result "0-1"]
[WhiteElo "2665"]
[BlackElo "2739"]
[PlyCount "68"]
[EventDate "2011.08.08"]

1. e4 e5 2. Nf3 Nc6 3. Bb5 a6 4. Ba4 Nge7 5. c3 g6 6. d4 exd4 7. Nxd4 Bg7 8.
Be3 O-O 9. O-O b5 10. Bc2 Ne5 11. a4 Rb8 12. axb5 axb5 13. Nd2 d6 14. h3 c5 15.
N4f3 N5c6 16. Bf4 Rb7 17. Qe2 c4 18. Rfd1 Rd7 19. Nf1 d5 20. Bg5 Qc7 21. Qe3 b4
22. Bf4 Qd8 23. Bh6 d4 24. cxd4 Nxd4 25. Bxg7 Nxf3+ 26. Qxf3 Kxg7 27. e5 f6 28.
Ne3 b3 29. Be4 Qc7 30. Rdc1 Rd4 31. Qg3 f5 32. Bf3 f4 33. Qh4 h6 34. Ng4 Nf5
0-1

[Event "Russian SuperFinal 2011"]
[Site "Moscow RUS"]
[Date "2011.08.13"]
[Round "5"]
[White "Nepomniachtchi, I."]
[Black "Morozevich, A."]
[Result "1-0"]
[WhiteElo "2711"]
[BlackElo "2694"]
[PlyCount "117"]
[EventDate "2011.08.08"]

1. e4 e6 2. d4 d5 3. Nc3 dxe4 4. Nxe4 Nd7 5. Nf3 Ngf6 6. Bg5 h6 7. Nxf6+ Nxf6
8. Bh4 c5 9. Bd3 Qa5+ 10. c3 cxd4 11. Nxd4 Bd7 12. O-O Bd6 13. Qf3 Qh5 14. Qxh5
Nxh5 15. f3 Nf4 16. Be4 Bc5 17. Bf2 Bxd4 18. Bxd4 Ne2+ 19. Kf2 Nxd4 20. cxd4
Ke7 21. Rfe1 Kd6 22. Re3 Rab8 23. Ra3 a6 24. Rc1 Rhc8 25. Rxc8 Bxc8 26. f4 Bd7
27. Ke3 f5 28. Bf3 g5 29. h3 Bc6 30. Bxc6 Kxc6 31. Rc3+ Kd6 32. Rb3 Kc6 33. a4
Rg8 34. fxg5 Rxg5 35. Kf3 h5 36. g3 Rg7 37. Re3 Kd5 38. Re5+ Kd6 39. Kf4 Rc7
40. Kg5 Rc4 41. Kf6 Rxd4 42. Rxe6+ Kc7 43. Kxf5 Rxa4 44. g4 hxg4 45. hxg4 Rb4
46. Re2 Kd6 47. g5 Rb3 48. g6 Rg3 49. Re6+ Kd7 50. Rb6 Kc7 51. Rb4 a5 52. Rg4
Rf3+ 53. Kg5 Rf8 54. g7 Rg8 55. Kf6 Kc6 56. Kf7 Rd8 57. g8=Q Rxg8 58. Kxg8 Kc5
59. b3 1-0

[Event "Baku Open 2011"]
[Site "Baku AZE"]
[Date "2011.08.14"]
[Round "9"]
[White "Safarli, Eltaj"]
[Black "Vallejo Pons, Francisco"]
[Result "1/2-1/2"]
[WhiteElo "2622"]
[BlackElo "2724"]
[PlyCount "40"]
[EventDate "2011.08.06"]

1. e4 e6 2. d4 d5 3. Nd2 c5 4. exd5 Qxd5 5. Ngf3 cxd4 6. Bc4 Qd6 7. O-O Nf6 8.
Nb3 Nc6 9. Nbxd4 Nxd4 10. Qxd4 Qxd4 11. Nxd4 Bd7 12. Bf4 Rc8 13. Bb3 Bc5 14.
Rad1 O-O 15. c3 Rfd8 16. Rfe1 Kf8 17. Be5 Ng4 18. Bg3 Nf6 19. Be5 Ng4 20. Bg3
Nf6 1/2-1/2

[Event "Baku Open 2011"]
[Site "Baku AZE"]
[Date "2011.08.14"]
[Round "9"]
[White "Mamedyarov, Shakhriyar"]
[Black "Bruzon Batista, Lazaro"]
[Result "1/2-1/2"]
[WhiteElo "2765"]
[BlackElo "2673"]
[PlyCount "48"]
[EventDate "2011.08.06"]

1. d4 Nf6 2. c4 e6 3. Nc3 d5 4. cxd5 exd5 5. Bg5 c6 6. e3 Bf5 7. Qf3 Bg6 8.
Bxf6 Qxf6 9. Qxf6 gxf6 10. h4 Nd7 11. h5 Bf5 12. f3 h6 13. g4 Bh7 14. Kd2 f5
15. gxf5 Bxf5 16. Bd3 Be6 17. Nge2 Bd6 18. e4 O-O-O 19. Raf1 dxe4 20. fxe4 Rhg8
21. Rhg1 Rxg1 22. Rxg1 Be7 23. Kc2 Nf6 24. Nf4 Rxd4 1/2-1/2

[Event "Baku Open 2011"]
[Site "Baku AZE"]
[Date "2011.08.14"]
[Round "9"]
[White "Dominguez Perez, Leinier"]
[Black "Najer, Evgeniy"]
[Result "1/2-1/2"]
[WhiteElo "2719"]
[BlackElo "2643"]
[PlyCount "53"]
[EventDate "2011.08.06"]

1. c4 e5 2. g3 Nc6 3. Bg2 Nf6 4. Nc3 Bc5 5. e3 a6 6. Nge2 d6 7. d4 Ba7 8. O-O
O-O 9. h3 Re8 10. b3 h6 11. dxe5 Nxe5 12. Bb2 Bf5 13. Nd5 c6 14. Nxf6+ Qxf6 15.
Bc3 Qe7 16. Bd4 Bxd4 17. Nxd4 Bg6 18. Qd2 Nd7 19. Rad1 Be4 20. Bxe4 Qxe4 21.
Qc2 Qe5 22. Nf3 Qf6 23. Kg2 Rad8 24. Rd4 Qe6 25. Rfd1 Nf6 26. Qe2 Rd7 27. R4d3
1/2-1/2

[Event "Baku Open 2011"]
[Site "Baku AZE"]
[Date "2011.08.14"]
[Round "9"]
[White "Sutovsky, Emil"]
[Black "Guliev, Sarhan"]
[Result "1-0"]
[WhiteElo "2700"]
[BlackElo "2500"]
[PlyCount "89"]
[EventDate "2011.08.06"]

1. e4 e5 2. Nf3 Nc6 3. Bb5 d6 4. d4 exd4 5. Nxd4 Bd7 6. Nc3 Nf6 7. Bxc6 bxc6 8.
Qf3 c5 9. Nf5 h6 10. Bf4 Rb8 11. O-O-O g6 12. Ne3 Nh5 13. e5 Nxf4 14. Qxf4 Rb4
15. Qf3 Bg7 16. exd6 cxd6 17. Rxd6 O-O 18. Ned5 Qg5+ 19. Kb1 Be6 20. Re1 Bxd5
21. Rxd5 Qh4 22. Re4 Qxh2 23. a3 Rb6 24. Rxc5 Rf6 25. Qe3 Qxg2 26. f4 h5 27.
Nd5 Rd6 28. f5 Kh7 29. f6 Bxf6 30. Nxf6+ Rxf6 31. Ka2 Qf2 32. Qc3 Rf3 33. Qb4
Kg7 34. a4 Rf5 35. Qc3+ Kh7 36. Rc7 h4 37. Qb4 Kg7 38. Rxh4 a5 39. Qc3+ Rf6 40.
Qh3 Rf3 41. Rh7+ Kf6 42. Rc6+ Ke5 43. Qd7 Qd4 44. Qe7+ Kf4 45. Rh4+ 1-0

[Event "Baku Open 2011"]
[Site "Baku AZE"]
[Date "2011.08.14"]
[Round "9"]
[White "Andreikin, Dmitry"]
[Black "Zhigalko, Sergei"]
[Result "1/2-1/2"]
[WhiteElo "2696"]
[BlackElo "2689"]
[PlyCount "20"]
[EventDate "2011.08.06"]

1. d4 Nf6 2. c4 e6 3. Nf3 b6 4. e3 Bb7 5. Bd3 Be7 6. O-O O-O 7. Nc3 d5 8. cxd5
exd5 9. b3 c5 10. Bb2 Nc6 1/2-1/2

[Event "Russian SuperFinal 2011"]
[Site "Moscow RUS"]
[Date "2011.08.14"]
[Round "6"]
[White "Kramnik, V."]
[Black "Morozevich, A."]
[Result "1/2-1/2"]
[WhiteElo "2781"]
[BlackElo "2694"]
[PlyCount "111"]
[EventDate "2011.08.08"]

1. d4 d5 2. c4 e6 3. Nf3 a6 4. cxd5 exd5 5. Nc3 c6 6. Bf4 Bd6 7. Bxd6 Qxd6 8.
e3 Ne7 9. Bd3 Bf5 10. Bxf5 Nxf5 11. Qc2 Ne7 12. Qb3 Ra7 13. e4 O-O 14. e5 Qd8
15. Qc2 f6 16. O-O fxe5 17. Nxe5 Nf5 18. Qd3 Nd7 19. Rae1 Ra8 20. Na4 Nxe5 21.
Rxe5 g6 22. Nc5 Rf7 23. Rfe1 Ng7 24. g3 Qf8 25. R1e2 Re8 26. Rxe8 Nxe8 27. Re5
Ng7 28. Qe2 Qd6 29. Kg2 Qf6 30. h4 h6 31. Nd3 Nf5 32. Re6 Qg7 33. Qg4 Kh7 34.
h5 gxh5 35. Qxh5 Rf6 36. Rxf6 Qxf6 37. Nf4 Nxd4 38. Qe8 a5 39. b3 b5 40. Qd7+
Qg7 41. Qe8 Qf6 42. Qd7+ Qg7 43. Qd6 Qf7 44. g4 c5 45. Kg3 h5 46. Nxh5 Qf3+ 47.
Kh4 Qxf2+ 48. Kg5 Qe3+ 49. Nf4 Ne2 50. Qd7+ Kh8 51. Qc8+ Kg7 52. Qc7+ Kh8 53.
Qd8+ Kg7 54. Qc7+ Kh8 55. Qd8+ Kg7 56. Qc7+ 1/2-1/2

[Event "Russian SuperFinal 2011"]
[Site "Moscow RUS"]
[Date "2011.08.14"]
[Round "6"]
[White "Karjakin, Sergey"]
[Black "Timofeev, Arty"]
[Result "1-0"]
[WhiteElo "2788"]
[BlackElo "2665"]
[PlyCount "85"]
[EventDate "2011.08.08"]

1. e4 e6 2. d4 d5 3. Nc3 Nc6 4. e5 f6 5. Bb5 Bd7 6. Nf3 Qe7 7. O-O Qf7 8. Re1
O-O-O 9. a4 Nge7 10. b4 Nxb4 11. Rb1 Nec6 12. Ne2 Qg6 13. Bd2 fxe5 14. Bxb4
Nxb4 15. Nxe5 Qxc2 16. Bxd7+ Rxd7 17. Nxd7 Kxd7 18. Nf4 Qxd1 19. Rbxd1 Bd6 20.
Nxe6 Nc2 21. Re2 Re8 22. Nc5+ Bxc5 23. Rxe8 Kxe8 24. dxc5 Nb4 25. a5 a6 26. Kf1
Kd7 27. Rd4 Nc6 28. Rxd5+ Ke6 29. Rh5 h6 30. Ke2 Nxa5 31. Kd3 b6 32. cxb6 cxb6
33. Rh3 Nb7 34. Rg3 Nc5+ 35. Kc4 Kf6 36. Kd5 a5 37. Rf3+ Kg5 38. Kc6 Ne4 39.
Kxb6 a4 40. Kb5 Nd2 41. Rg3+ Kf6 42. Kxa4 g5 43. Kb4 1-0

[Event "Russian SuperFinal 2011"]
[Site "Moscow RUS"]
[Date "2011.08.14"]
[Round "6"]
[White "Grischuk, A."]
[Black "Galkin, A."]
[Result "1-0"]
[WhiteElo "2746"]
[BlackElo "2598"]
[PlyCount "99"]
[EventDate "2011.08.08"]

1. e4 c6 2. d4 d5 3. e5 Bf5 4. Nf3 e6 5. Be2 Be7 6. O-O Nh6 7. b3 O-O 8. c4 Bg6
9. Bxh6 gxh6 10. Nc3 Nd7 11. Qd2 Kg7 12. Bd3 a6 13. Ne2 a5 14. Qe3 a4 15. c5
axb3 16. axb3 b6 17. b4 Qc7 18. Nf4 Qb7 19. h4 Rxa1 20. Rxa1 Ra8 21. Qc1 Nf8
22. Ra3 bxc5 23. bxc5 f5 24. g3 Bd8 25. Qa1 Rxa3 26. Qxa3 Be8 27. Kg2 Kg8 28.
Ne1 Bf7 29. Be2 Ng6 30. Ned3 Nxf4+ 31. Nxf4 Kf8 32. Bh5 Bg8 33. Nd3 Bf7 34.
Bxf7 Kxf7 35. Nf4 Be7 36. Qa4 Bd8 37. Qd1 Qd7 38. Qa4 Qb7 39. Qd1 Qd7 40. Qh5+
Kg7 41. Qe2 Kf7 42. Qa6 Ke7 43. Nd3 Qc7 44. Nb4 Kd7 45. Qa8 Be7 46. Na6 Qc8 47.
Qa7+ Ke8 48. Qb8 Kd7 49. Qb6 Bd8 50. Nb8+ 1-0

[Event "French Championship 2011"]
[Site "Caen FRA"]
[Date "2011.08.14"]
[Round "1"]
[White "Istratescu, A."]
[Black "Bacrot, E."]
[Result "1/2-1/2"]
[WhiteElo "2645"]
[BlackElo "2710"]
[PlyCount "31"]
[EventDate "2011.08.14"]

1. d4 d5 2. c4 e6 3. Nc3 Be7 4. Nf3 Nf6 5. Bg5 h6 6. Bh4 O-O 7. e3 Ne4 8. Bxe7
Qxe7 9. Qc2 Nxc3 10. Qxc3 dxc4 11. Bxc4 b6 12. d5 c6 13. dxe6 Bxe6 14. O-O c5
15. Bxe6 Qxe6 16. Qe5 1/2-1/2

[Event "French Championship 2011"]
[Site "Caen FRA"]
[Date "2011.08.14"]
[Round "1"]
[White "Fressinet, L."]
[Black "Feller, S."]
[Result "1-0"]
[WhiteElo "2698"]
[BlackElo "2666"]
[PlyCount "65"]
[EventDate "2011.08.14"]

1. Nf3 Nf6 2. c4 g6 3. d4 Bg7 4. g3 O-O 5. Bg2 d5 6. cxd5 Nxd5 7. O-O Nb6 8.
Nc3 Nc6 9. e3 e5 10. d5 Na5 11. e4 c6 12. Bg5 f6 13. Be3 cxd5 14. Bxb6 Qxb6 15.
Nxd5 Qd8 16. Rc1 Rf7 17. b4 Nc6 18. b5 Na5 19. Nc7 Qxd1 20. Rfxd1 Rb8 21. Rd8+
Rf8 22. Ne8 Nc4 23. Rxc4 Be6 24. Rxb8 Bxc4 25. Bf1 Bxa2 26. Nd2 Kh8 27. Bc4 Bh6
28. Bxa2 Bxd2 29. Bd5 a6 30. b6 Ba5 31. Bxb7 Bxb6 32. Bxa6 Bd4 33. Rc8 1-0

[Event "Russian SuperFinal 2011"]
[Site "Moscow RUS"]
[Date "2011.08.15"]
[Round "7"]
[White "Timofeev, Arty"]
[Black "Grischuk, A."]
[Result "1/2-1/2"]
[WhiteElo "2665"]
[BlackElo "2746"]
[PlyCount "83"]
[EventDate "2011.08.08"]

1. e4 c5 2. Nf3 d6 3. d4 cxd4 4. Nxd4 Nf6 5. Nc3 a6 6. h3 Nc6 7. Be3 e5 8. Nde2
Be6 9. Nd5 Bxd5 10. exd5 Ne7 11. c4 Nf5 12. Bc1 g6 13. Nc3 Bg7 14. Bd3 Rc8 15.
O-O O-O 16. Re1 Re8 17. Bg5 h6 18. Bd2 e4 19. Nxe4 Nxe4 20. Rxe4 Rxe4 21. Bxe4
Rxc4 22. Bd3 Rd4 23. Bc3 Rxd5 24. Qf3 Rc5 25. Bxg7 Kxg7 26. Qxb7 a5 27. b4 Qf6
28. Rd1 axb4 29. Qxb4 Nd4 30. a4 Nc6 31. Qb6 Qd4 32. Bc2 Qb4 33. Qxb4 Nxb4 34.
Bb3 Rc3 35. Rb1 d5 36. a5 d4 37. Bxf7 Kxf7 38. Rxb4 Ra3 39. Rxd4 Rxa5 40. Kh2
h5 41. Kg3 Ra2 42. Kf3 1/2-1/2

[Event "Russian SuperFinal 2011"]
[Site "Moscow RUS"]
[Date "2011.08.15"]
[Round "7"]
[White "Nepomniachtchi, I."]
[Black "Karjakin, Sergey"]
[Result "1/2-1/2"]
[WhiteElo "2711"]
[BlackElo "2788"]
[PlyCount "87"]
[EventDate "2011.08.08"]

1. c4 e5 2. Nc3 Nf6 3. Nf3 Nc6 4. g3 d5 5. cxd5 Nxd5 6. Bg2 Nb6 7. O-O Be7 8.
a3 O-O 9. b4 Be6 10. d3 a5 11. b5 Nd4 12. Rb1 Nxf3+ 13. Bxf3 Rb8 14. Qc2 f5 15.
Rd1 Kh8 16. Bg2 Bd6 17. a4 Qe7 18. Bd2 Qf7 19. Rf1 Nd7 20. f4 Nf6 21. fxe5 Bxe5
22. Bf4 Bxf4 23. Rxf4 Qe7 24. Rbf1 Nh5 25. Rh4 Nf6 26. Nd1 Ng4 27. Qc3 f4 28.
Be4 h6 29. Bf3 fxg3 30. hxg3 Qg5 31. Kg2 Rf6 32. Rfh1 Rbf8 33. Rh5 Ne3+ 34.
Nxe3 Qxe3 35. Qe5 Qd2 36. Qg5 Qa2 37. R5h4 c6 38. bxc6 bxc6 39. Rxh6+ Rxh6 40.
Rxh6+ gxh6 41. Qxh6+ Kg8 42. Qg5+ Kh8 43. Qh5+ Kg7 44. Qg5+ 1/2-1/2

[Event "Russian SuperFinal 2011"]
[Site "Moscow RUS"]
[Date "2011.08.15"]
[Round "7"]
[White "Morozevich, A."]
[Black "Svidler, P."]
[Result "1-0"]
[WhiteElo "2694"]
[BlackElo "2739"]
[PlyCount "61"]
[EventDate "2011.08.08"]

1. d4 Nf6 2. c4 g6 3. Nc3 d5 4. Nf3 Bg7 5. Qb3 dxc4 6. Qxc4 O-O 7. e4 a6 8. e5
b5 9. Qb3 Nfd7 10. Be2 c5 11. e6 fxe6 12. Qxe6+ Kh8 13. dxc5 Ne5 14. Qd5 Qxd5
15. Nxd5 Bb7 16. Nc7 Nxf3+ 17. gxf3 Bxf3 18. Bxf3 Ra7 19. Nxb5 axb5 20. Ke2 Ra6
21. Bb7 Re6+ 22. Be3 Bxb2 23. Rab1 Bd4 24. Rxb5 Na6 25. c6 Nc7 26. Rb3 Rf4 27.
Rd1 Kg7 28. a4 Bc5 29. Rd7 Bd6 30. Rd3 Ne8 31. a5 1-0

[Event "French Championship 2011"]
[Site "Caen FRA"]
[Date "2011.08.15"]
[Round "2"]
[White "Bacrot, E."]
[Black "Shchekachev, A."]
[Result "1-0"]
[WhiteElo "2710"]
[BlackElo "2537"]
[PlyCount "62"]
[EventDate "2011.08.14"]

1. e4 d6 2. d4 Nf6 3. Nc3 g6 4. Be3 c6 5. h3 Nbd7 6. Nf3 Qa5 7. Bd3 Bg7 8. O-O
O-O 9. Qd2 Re8 10. Bh6 e5 11. a3 Qc7 12. Rad1 b5 13. dxe5 dxe5 14. Ne2 Nc5 15.
Ng3 Be6 16. Be3 Bf8 17. Ng5 Rad8 18. f4 Bc4 19. Qe2 Bxd3 20. cxd3 h6 21. f5
hxg5 22. fxg6 Re6 23. Bxg5 Bg7 24. Bxf6 Rxf6 25. Rxf6 Bxf6 26. Rf1 Rd6 27.
gxf7+ Kf8 28. d4 Nd7 29. Qg4 Kxf7 30. Nh5 Qd8 31. dxe5 Ke8 1-0

[Event "French Championship 2011"]
[Site "Caen FRA"]
[Date "2011.08.15"]
[Round "2"]
[White "Bricard, E."]
[Black "Fressinet, L."]
[Result "1/2-1/2"]
[WhiteElo "2502"]
[BlackElo "2698"]
[PlyCount "80"]
[EventDate "2011.08.14"]

1. f4 d5 2. e3 Nf6 3. Nf3 Bg4 4. b3 Nbd7 5. Bb2 c6 6. Be2 Bxf3 7. Bxf3 Qc7 8.
d4 e6 9. O-O Rg8 10. c4 g5 11. Nc3 gxf4 12. e4 dxc4 13. Kh1 e5 14. d5 h5 15.
Qe2 Ng4 16. Rfc1 Bc5 17. Nd1 Qd8 18. Qe1 Bb6 19. b4 cxd5 20. exd5 Qg5 21. Rxc4
f5 22. Rac1 e4 23. Rc8+ Rxc8 24. Rxc8+ Kf7 25. Rxg8 Kxg8 26. Be2 f3 27. gxf3
exf3 28. Bxf3 Nde5 29. d6 Kf8 30. Bxb7 f4 31. h3 f3 32. Bxf3 Nxf3 33. Qe7+ Qxe7
34. dxe7+ Kxe7 35. hxg4 hxg4 36. Bc1 Kd7 37. Ne3 Ne5 38. Kg2 Kc6 39. a4 Nd3 40.
Bd2 Nxb4 1/2-1/2

[Event "French Championship 2011"]
[Site "Caen FRA"]
[Date "2011.08.15"]
[Round "2"]
[White "Le Roux, JP."]
[Black "Vachier Lagrave, M."]
[Result "0-1"]
[WhiteElo "2517"]
[BlackElo "2722"]
[PlyCount "130"]
[EventDate "2011.08.14"]

1. d4 Nf6 2. Nf3 g6 3. c4 Bg7 4. g3 O-O 5. Bg2 d5 6. cxd5 Nxd5 7. O-O Nb6 8.
Nc3 Nc6 9. e3 Re8 10. Re1 a5 11. Qe2 Be6 12. Nd2 Nb4 13. Rd1 c6 14. a3 N4d5 15.
Nde4 Qc8 16. Nc5 Nxc3 17. bxc3 Bc4 18. Qc2 Nd7 19. Bh3 e6 20. Ne4 Qc7 21. a4
Nf6 22. Nd2 Ba6 23. Ba3 b6 24. Bg2 Rac8 25. Rab1 Red8 26. h3 c5 27. Qb2 Bd3 28.
Rbc1 e5 29. dxe5 Qxe5 30. Qxb6 Nd5 31. Qxa5 Nxc3 32. Nc4 Ne2+ 33. Kh2 Qf5 34.
Nb6 Qxf2 35. Qe1 Qxe1 36. Rxe1 Rb8 37. Bxc5 Be5 38. Rxe2 Bxe2 39. Rc2 Ba6 40.
Bf3 h5 41. Kg2 Kh7 42. a5 Rbc8 43. Nxc8 Rxc8 44. Bd5 Bd6 45. Bxd6 Rxc2+ 46. Kf3
Rd2 47. e4 Rd3+ 48. Kf2 f6 49. Bc7 h4 50. gxh4 Rxh3 51. Bg3 Rh1 52. Ke3 Rd1 53.
Bd6 Rd3+ 54. Kf2 Kg7 55. Bf4 Ra3 56. Bc7 Rc3 57. Bd6 Rh3 58. Bg3 Rh1 59. Ke3
Rd1 60. Bf4 Kh7 61. Bc7 Rd3+ 62. Kf2 Kh6 63. Bd8 f5 64. Bf6 Kh5 65. Ba8 Kg4 0-1

[Event "French Championship 2011"]
[Site "Caen FRA"]
[Date "2011.08.16"]
[Round "3"]
[White "Vachier Lagrave, M."]
[Black "Hamdouchi, H."]
[Result "1-0"]
[WhiteElo "2722"]
[BlackElo "2628"]
[PlyCount "81"]
[EventDate "2011.08.14"]

1. e4 c5 2. Nf3 d6 3. d4 cxd4 4. Nxd4 Nf6 5. Nc3 Nc6 6. Bc4 Qb6 7. Nxc6 bxc6 8.
O-O e6 9. Qe2 Be7 10. e5 dxe5 11. Qxe5 O-O 12. b3 c5 13. Bf4 Bb7 14. Rad1 Rfd8
15. Qc7 Qxc7 16. Bxc7 Rdc8 17. Be5 Rd8 18. Bc7 Rdc8 19. Ba5 Bd8 20. Bxd8 Rxd8
21. Na4 Ne4 22. Rd3 Bc6 23. Rfd1 Rxd3 24. Bxd3 c4 25. Bxc4 Bxa4 26. bxa4 Nc5
27. f4 g6 28. Rd4 Kf8 29. Kf2 Ke7 30. Ke3 h5 31. a5 Rb8 32. Be2 Rb2 33. Rc4 Kd6
34. a4 Ra2 35. Kd4 Rxa4 36. Rxa4 Nxa4 37. Bb5 Nc5 38. Be8 Nb7 39. Bxf7 Nxa5 40.
Bxg6 h4 41. Be4 1-0

[Event "French Championship 2011"]
[Site "Caen FRA"]
[Date "2011.08.16"]
[Round "3"]
[White "Fressinet, L."]
[Black "Bacrot, E."]
[Result "1/2-1/2"]
[WhiteElo "2698"]
[BlackElo "2710"]
[PlyCount "140"]
[EventDate "2011.08.14"]

1. Nf3 d5 2. c4 e6 3. g3 Nf6 4. Bg2 dxc4 5. Qa4+ Nbd7 6. Qxc4 a6 7. Qc2 c5 8.
d4 b6 9. Ne5 Nd5 10. Nc3 Nb4 11. Qd1 Nxe5 12. dxe5 Qxd1+ 13. Kxd1 Ra7 14. a3
Rd7+ 15. Bd2 Nd5 16. Nxd5 exd5 17. b4 Rd8 18. Bg5 Be7 19. Bxe7 Kxe7 20. bxc5
bxc5 21. Rb1 Bf5 22. Rb7+ Ke6 23. f4 Rb8 24. Ra7 Ra8 25. Rb7 Rhb8 26. Rc7 Rc8
27. Rb7 Rab8 28. Ra7 Ra8 29. Rb7 Rab8 30. Ra7 c4 31. Kd2 c3+ 32. Ke3 c2 33. Rc1
Rb3+ 34. Kd2 Rxa3 35. Bf3 g6 36. Rb7 Rc5 37. Rb6+ Ke7 38. Rd6 Ra4 39. Ke3 Be6
40. g4 a5 41. Ra6 Rc7 42. h3 h5 43. gxh5 gxh5 44. Bxh5 Re4+ 45. Kd3 Rxf4 46.
Bg4 Bxg4 47. hxg4 Rxg4 48. Rxa5 Ke6 49. Rxc2 Rg3+ 50. Kd2 Rxc2+ 51. Kxc2 Kxe5
52. Kd2 f5 53. Ra8 Rg6 54. Kd3 f4 55. Re8+ Kf5 56. Rd8 Rg3+ 57. Kd2 Ke4 58.
Re8+ Kd4 59. Rf8 Rg4 60. Rxf4+ Rxf4 61. e3+ Ke4 62. exf4 d4 63. f5 Kxf5 64. Kd3
Ke5 65. Kd2 Ke4 66. Ke2 d3+ 67. Kd2 Kd4 68. Kd1 Ke3 69. Ke1 d2+ 70. Kd1 Kd3
1/2-1/2

[Event "French Championship 2011"]
[Site "Caen FRA"]
[Date "2011.08.17"]
[Round "4"]
[White "Bacrot, E."]
[Black "Dorfman, I."]
[Result "1/2-1/2"]
[WhiteElo "2710"]
[BlackElo "2578"]
[PlyCount "35"]
[EventDate "2011.08.14"]

1. e4 c5 2. Nf3 d6 3. g3 Nc6 4. Bg2 Nf6 5. d3 g6 6. O-O Bg7 7. c3 O-O 8. Nbd2
Rb8 9. a4 b6 10. Re1 Ne5 11. Nxe5 dxe5 12. Nc4 Ne8 13. b4 cxb4 14. cxb4 Nd6 15.
Be3 Be6 16. Qe2 Qd7 17. b5 Rfc8 18. Rac1 1/2-1/2

[Event "French Championship 2011"]
[Site "Caen FRA"]
[Date "2011.08.17"]
[Round "4"]
[White "Edouard, R."]
[Black "Fressinet, L."]
[Result "0-1"]
[WhiteElo "2587"]
[BlackElo "2698"]
[PlyCount "80"]
[EventDate "2011.08.14"]

1. d4 d5 2. c4 c6 3. Nf3 Nf6 4. Nc3 dxc4 5. a4 Bf5 6. e3 e6 7. Bxc4 Bb4 8. O-O
Nbd7 9. Nh4 Bg6 10. h3 Bh5 11. g4 Nd5 12. Ng2 Bg6 13. f4 Bxc3 14. bxc3 Be4 15.
Qd2 Qa5 16. Ra3 N5b6 17. Bd3 Qd5 18. Qc2 Bxd3 19. Qxd3 f5 20. a5 Nc4 21. Ra4 b5
22. axb6 Ndxb6 23. Ra6 O-O 24. Ba3 Rfb8 25. Bb4 Nd7 26. Qe2 Nf6 27. Rfa1 Ne4
28. Rxa7 Rxa7 29. Rxa7 c5 30. dxc5 Rd8 31. Kh2 Ned2 32. Kg3 Qc6 33. g5 g6 34.
Ba5 Ne4+ 35. Kh4 Nxa5 36. Rxa5 Rd2 37. Qf1 h6 38. Qa1 hxg5+ 39. fxg5 Qc7 40.
Ra8+ Rd8 0-1

[Event "French Championship 2011"]
[Site "Caen FRA"]
[Date "2011.08.17"]
[Round "4"]
[White "Vachier Lagrave, M."]
[Black "Istratescu, A."]
[Result "1/2-1/2"]
[WhiteElo "2722"]
[BlackElo "2645"]
[PlyCount "29"]
[EventDate "2011.08.14"]

1. d4 Nf6 2. c4 e6 3. Nf3 Bb4+ 4. Bd2 a5 5. Qc2 d6 6. g4 b6 7. g5 Nfd7 8. Nc3
Bb7 9. Bg2 Nc6 10. a3 Nxd4 11. Nxd4 Bxg2 12. Rg1 Bxc3 13. Bxc3 Bb7 14. g6 Qe7
15. gxh7 1/2-1/2

[Event "French Championship 2011"]
[Site "Caen FRA"]
[Date "2011.08.18"]
[Round "5"]
[White "Bauer, Ch"]
[Black "Bacrot, E."]
[Result "1/2-1/2"]
[WhiteElo "2637"]
[BlackElo "2710"]
[PlyCount "49"]
[EventDate "2011.08.14"]

1. d4 d5 2. c4 e6 3. Nf3 Nf6 4. g3 dxc4 5. Bg2 c5 6. O-O Nc6 7. Ne5 Bd7 8. Na3
cxd4 9. Naxc4 Bc5 10. Qb3 O-O 11. Bf4 Rc8 12. Nd3 b6 13. Rfd1 e5 14. Ncxe5 Nxe5
15. Bxe5 Qe7 16. Re1 Rfe8 17. a3 Ng4 18. Bf4 Bf5 19. h3 Nf6 20. Bg5 h6 21. Bxf6
Qxf6 22. Qd5 Bf8 23. Qf3 Qe6 24. Rac1 Qf6 25. Ra1 1/2-1/2

[Event "French Championship 2011"]
[Site "Caen FRA"]
[Date "2011.08.18"]
[Round "5"]
[White "Fressinet, L."]
[Black "Le Roux, JP."]
[Result "0-1"]
[WhiteElo "2698"]
[BlackElo "2517"]
[PlyCount "124"]
[EventDate "2011.08.14"]

1. c4 Nf6 2. g3 g6 3. Bg2 d5 4. cxd5 Nxd5 5. Nc3 Nb6 6. d3 Bg7 7. Be3 Nc6 8.
Nf3 O-O 9. O-O e5 10. b4 Re8 11. b5 Nd4 12. a4 a6 13. a5 Nd7 14. bxa6 Rxa6 15.
Ne4 h6 16. Bd2 Nxf3+ 17. Bxf3 f5 18. Nc3 e4 19. Bg2 exd3 20. exd3 Nc5 21. Ra3
Rd6 22. Be3 Rxd3 23. Qc1 Ne6 24. Bxh6 Nd4 25. Bxg7 Kxg7 26. Kh1 c6 27. Qb2 Kh7
28. Raa1 Qf6 29. Rab1 Re7 30. Rfc1 Kg7 31. Bf1 Rf3 32. Bg2 Rd3 33. Nd5 cxd5 34.
Rxc8 Rb3 35. Qa1 Rxb1+ 36. Qxb1 f4 37. Bxd5 Qd6 38. Bg2 f3 39. Bf1 Qe5 40. Qb2
Nc6 41. Qb3 Rf7 42. a6 Qa1 43. Qc4 Ne5 44. Qc1 Qd4 45. a7 Ng4 46. h3 Nxf2+ 47.
Kh2 Ne4 48. Qc2 Qxa7 49. Qb2+ Rf6 50. Rc7+ Kh6 51. Rc4 Qf2+ 52. Qxf2 Nxf2 53.
g4 Re6 54. Rc2 Nd1 55. Kg3 Re1 56. Bd3 f2 57. Rd2 f1=Q 58. Bxf1 Rxf1 59. h4 Ne3
60. Rd7 Rg1+ 61. Kf2 Rxg4 62. Kxe3 b5 0-1

[Event "French Championship 2011"]
[Site "Caen FRA"]
[Date "2011.08.18"]
[Round "5"]
[White "Shchekachev, A."]
[Black "Vachier Lagrave, M."]
[Result "1/2-1/2"]
[WhiteElo "2537"]
[BlackElo "2722"]
[PlyCount "26"]
[EventDate "2011.08.14"]

1. Nf3 Nf6 2. c4 g6 3. Nc3 d5 4. cxd5 Nxd5 5. Qb3 Nb6 6. d4 Bg7 7. Bf4 Be6 8.
Qa3 O-O 9. e4 N8d7 10. h3 c6 11. b3 c5 12. Rd1 cxd4 13. Nb5 Nf6 1/2-1/2

[Event "French Championship 2011"]
[Site "Caen FRA"]
[Date "2011.08.19"]
[Round "6"]
[White "Bacrot, E."]
[Black "Feller, S."]
[Result "1/2-1/2"]
[WhiteElo "2710"]
[BlackElo "2666"]
[PlyCount "33"]
[EventDate "2011.08.14"]

1. c4 e6 2. Nf3 Nf6 3. g3 d5 4. Bg2 Be7 5. O-O O-O 6. d4 dxc4 7. Qc2 a6 8. a4
Bd7 9. Qxc4 Bc6 10. Bf4 a5 11. Nc3 Na6 12. Ne5 Bd5 13. Qb5 Bxg2 14. Kxg2 Qxd4
15. Qxb7 Nd5 16. Nxd5 exd5 17. Nc6 1/2-1/2

[Event "French Championship 2011"]
[Site "Caen FRA"]
[Date "2011.08.19"]
[Round "6"]
[White "Vachier Lagrave, M."]
[Black "Fressinet, L."]
[Result "1/2-1/2"]
[WhiteElo "2722"]
[BlackElo "2698"]
[PlyCount "73"]
[EventDate "2011.08.14"]

1. e4 e5 2. Nf3 Nc6 3. Bb5 Nf6 4. O-O Nxe4 5. d4 Nd6 6. Bxc6 dxc6 7. dxe5 Nf5
8. Qxd8+ Kxd8 9. Nc3 Ke8 10. h3 Be6 11. Rd1 Bb4 12. Ne2 Bd5 13. Ned4 Nxd4 14.
Nxd4 Rd8 15. Bd2 Bc5 16. Nf5 Bf8 17. Be3 b6 18. f3 Be6 19. g4 Rd5 20. Rxd5 Bxd5
21. Kg2 g6 22. Ng3 Bg7 23. Bf4 Kd7 24. Rd1 Kc8 25. b3 Rd8 26. Kf2 c5 27. c4 Bc6
28. Rxd8+ Kxd8 29. Ke3 Kd7 30. Ne4 h6 31. Bg3 Ke6 32. f4 f6 33. exf6 Bxf6 34.
Nxf6 Kxf6 35. Bh4+ Ke6 36. Bd8 Bg2 37. h4 1/2-1/2